000 00360nam a2200121Ia 4500
008 240731s9999 xx 000 0 und d
022 _a1473-3412
245 4 _aThe Women's Oncology Review : The Journal of Interdisciplinary Current Awareness
260 _bTaylor & Francis
856 _uhttps://www.tandfonline.com/loi/iwor20
942 _2ddc
942 _cTFEJ
999 _c80128
_d80128
945 _a1
_bMadushi Gamage
_c1
_dMadushi Gamage